Ako predísť ďalšej pandémii /
Uložené v:
| Hlavný autor: | |
|---|---|
| Ďalší autori: | |
| Médium: | Kniha |
| Jazyk: | Slovak English |
| Vydané: |
Bratislava :
Ikar,
2023.
|
| Témy: | |
| ISBN: |
9788055188089 |
| Fyzický popis: |
301 strán : fotografie, grafy ; 24 cm. |
| Tagy: |
Pridať tag
Žiadne tagy, Buďte prvý kto otaguje tento záznam!
|
Titul je dostupný aj v ... 

MARC
| LEADER | 00000nam a2200000 i 4500 | ||
|---|---|---|---|
| 001 | 000697293 | ||
| 005 | 20230831102726.0 | ||
| 008 | 230530s2023 xo do g 001 0 slo d | ||
| 020 | |a 9788055188089 |q (viazané) | ||
| 040 | |a SVKKK |b slo |c SVKKK |e rda | ||
| 041 | 1 | |a slo |h eng | |
| 044 | |a xo |c SK | ||
| 072 | 7 | |a 616 |x Patológia. Klinická medicína |2 konspekt | |
| 080 | |a 616-036.21 |2 2011 | ||
| 080 | |a 614 |2 2011 | ||
| 080 | |a 613 |2 2011 | ||
| 080 | |a (048.8) |2 2011 | ||
| 100 | 1 | |a Gates, Bill, |d 1955- |4 aut | |
| 240 | 1 | 0 | |a How to prevent the next pandemic. |l Slovensky |
| 245 | 1 | 0 | |a Ako predísť ďalšej pandémii / |c Bill Gates ; preložila Zora Ličková. |
| 264 | 1 | |a Bratislava : |b Ikar, |c 2023. | |
| 300 | |a 301 strán : |b fotografie, grafy ; |c 24 cm. | ||
| 336 | |a text |b txt |2 rdacontent | ||
| 337 | |a bez média |b n |2 rdamedia | ||
| 338 | |a zväzok |b nc |2 rdacarrier | ||
| 504 | |a Obsahuje poznámky a register | ||
| 650 | 0 | 7 | |a pandémie |2 SVKKKPH |
| 650 | 0 | 7 | |a verejné zdravie |2 SVKKKPH |
| 650 | 0 | 7 | |a ochrana zdravia |2 SVKKKPH |
| 650 | 0 | 7 | |a pandemics |2 SVKKKPHeng |
| 650 | 0 | 7 | |a public health |2 SVKKKPHeng |
| 650 | 0 | 7 | |a health protection |2 SVKKKPHeng |
| 655 | 7 | |a monografie |2 SVKKKPH | |
| 655 | 7 | |a monographs |2 SVKKKPHeng | |
| 700 | 1 | |a Ličková, Zora, |d 1959- |4 trl | |
| 910 | |a svkkk | ||
| 919 | |a 978-80-551-8808-9 | ||
| 998 | |a BK | ||
| 090 | |g SCKHL |k Sklad Hlavná 10 prízemie |a IV.245613 |j 1124653 |i 2721008628 |s Povinný výt. | ||